000 00769nam a2200229Ii 4500
003 JO-AjNU
008 230605s9999||||xx |||||||||||||| ||und||
017 _a2006/3/658
020 _a9957-00-263-5
040 _aJO-AjNU
_bara
_erda
_cJO-AjNU
041 _aara
050 1 4 _aPJ7505.5.A23.Z52 2006
100 3 _aأبو شندي، عصام حسين اسماعيل,
_eauthor
_923702
245 0 0 _aنقد النثر العربي في كتابات إحسان عباس
250 _aط1
264 3 1 _aعمان:دار الشروق، 2006
300 _a252ص
336 _atext
_btxt
_2rdacontent
337 _aunmediated
_bn
_2rdamedia
338 _avolume
_bnc
_2rdacarrier
650 4 _aالنقد الادبي-الادبي العربي-النثر العربي
_923703
999 _aA8616
_c12184
_d12184